[Event "19th EUR-ch"]
[Site "Batumi GEO"]
[Date "2018.03.21"]
[Round "5.127"]
[White "Gebigke, Martin"]
[Black "Ivanisevic, Ivan"]
[Result "0-1"]
[WhiteElo "2132"]
[BlackElo "2587"]
[EventDate "2018.03.17"]
[PlyCount "121"]

1.d4 Nf6 2.c4 c5 3.d5 g6 4.Nc3 Bg7 5.e4 O-O 6.Nf3 e6 7.Bd3 exd5 8.cxd5 d6 
9.h3 Nbd7 10.O-O Re8 11.Re1 a6 12.a4 Nh5 13.Bg5 Bf6 14.Be3 Ne5 15.Be2 
Nxf3+ 16.Bxf3 Ng7 17.Rb1 Bd7 18.Bf4 Be5 19.Bxe5 Rxe5 20.Bg4 Bxg4 21.hxg4 
Qf6 22.Qf3 Qe7 23.Qg3 g5 24.Re3 Ne8 25.Rbe1 Nf6 26.Qh3 Qd7 27.f3 h5 28.
gxh5 Qxh3 29.gxh3 Nxh5 30.Kf2 Nf4 31.Rh1 Kg7 32.Ne2 Nxe2 33.Kxe2 b5 34.
axb5 axb5 35.Ra3 Rxa3 36.bxa3 f5 37.Kd3 Re8 38.Rb1 Ra8 39.Rxb5 Rxa3+ 40.
Ke2 Kf6 41.exf5 Ra4 42.Rb8 Rd4 43.Rf8+ Ke5 44.f6 Rxd5 45.f4+ gxf4 46.Kf3 
Rd3+ 47.Kg4 Rg3+ 48.Kh4 Kf5 49.Rh8 Kxf6 50.Rf8+ Ke5 51.Re8+ Kd4 52.Rf8 Ke3
53.Rf6 d5 54.Rd6 d4 55.Rc6 d3 56.Rxc5 d2 57.Re5+ Kf2 58.Rd5 Ke2 59.Ra5 Rg1
60.Re5+ Kf3 61.Rd5 0-1

[Event "19th EUR-ch"]
[Site "Batumi GEO"]
[Date "2018.03.21"]
[Round "5.129"]
[White "Shevelev, Arkady"]
[Black "Smolin, Sergey"]
[Result "1-0"]
[WhiteElo "2309"]
[BlackElo "2153"]
[EventDate "2018.03.17"]
[PlyCount "63"]

1.e4 g6 2.d4 Bg7 3.Nf3 d6 4.h3 a6 5.a4 Nc6 6.Nc3 e5 7.Bg5 f6 8.Be3 exd4 9.
Nxd4 Nge7 10.Bc4 Ne5 11.Ne6 Bxe6 12.Bxe6 Nf7 13.h4 h5 14.Nd5 Nxd5 15.Bxf7+
Kxf7 16.Qxd5+ Ke7 17.Qxb7 Qd7 18.O-O Rhb8 19.Qd5 Qe6 20.Rfe1 Kd7 21.b3 
Qxd5 22.exd5 f5 23.Rad1 Rb4 24.Bg5 Be5 25.g3 c6 26.Rd3 cxd5 27.Rxd5 Re4 
28.Red1 Rc8 29.c4 Rc6 30.f3 Re2 31.Kf1 Ra2 32.Rxe5 1-0

[Event "19th EUR-ch"]
[Site "Batumi GEO"]
[Date "2018.03.21"]
[Round "5.130"]
[White "Qalichava, Akaki"]
[Black "Barseghian, Armen Ar."]
[Result "0-1"]
[WhiteElo "1796"]
[BlackElo "2298"]
[EventDate "2018.03.17"]
[PlyCount "122"]

1.e4 c6 2.d4 d5 3.Nc3 dxe4 4.Nxe4 Nf6 5.Nxf6+ exf6 6.c3 Bd6 7.Bd3 O-O 8.
Ne2 f5 9.O-O Re8 10.Bf4 g6 11.Qd2 Be6 12.Bxd6 Qxd6 13.Nf4 Nd7 14.Rfe1 Nf6 
15.a3 Bd7 16.g3 Ne4 17.Qc2 Re7 18.Re3 Rae8 19.Rae1 Kg7 20.Bf1 Ng5 21.Bg2 
Rxe3 22.Rxe3 Rxe3 23.fxe3 Qe7 24.Qd3 h5 25.d5 f6 26.b4 cxd5 27.Nxd5 Qf7 
28.Qd4 Bc6 29.c4 a6 30.h4 Ne6 31.Qc3 Nf8 32.Qb3 Qe6 33.Nf4 Qe5 34.Bd5 Nd7 
35.Qd3 Bxd5 36.cxd5 Qa1+ 37.Kg2 Qb2+ 38.Qe2 Qxa3 39.e4 fxe4 40.Qxe4 Ne5 
41.d6 Qa2+ 42.Kh3 Qf7 43.Kh2 b6 44.Nd3 Qa2+ 45.Kg1 Qb1+ 46.Kg2 Qc2+ 47.Kg1
Qc6 48.Qxc6 Nxc6 49.Nf4 a5 50.b5 Ne5 51.Nd5 a4 52.Kf2 a3 53.Nc3 Kf7 54.Ke3
Ke6 55.Kd4 Kxd6 56.Ne4+ Ke6 57.Kc3 Nf3 58.Kb3 Nd4+ 59.Kxa3 Nxb5+ 60.Kb4 
Nd6 61.Nd2 Kf5 0-1

[Event "19th EUR-ch"]
[Site "Batumi GEO"]
[Date "2018.03.21"]
[Round "5.131"]
[White "Eminov, Orkhan"]
[Black "Eynullayev, Atilla"]
[Result "0-1"]
[WhiteElo "2295"]
[BlackElo "2147"]
[EventDate "2018.03.17"]
[PlyCount "72"]

1.e4 e6 2.d4 d5 3.Nc3 Nf6 4.Bg5 dxe4 5.Nxe4 Be7 6.Bxf6 gxf6 7.Nf3 f5 8.Ng3
c5 9.Qd2 h5 10.O-O-O h4 11.Ne2 Nc6 12.Qc3 Nb4 13.Kb1 Nd5 14.Qd3 Qa5 15.Nc1
Bd7 16.Ne5 Nb4 17.Qc3 Ba4 18.Nc4 Qc7 19.dxc5 Bxc2+ 20.Ka1 O-O 21.Rd2 Qxc5 
22.Rxc2 Nxc2+ 23.Qxc2 Rac8 24.Nb3 Qb4 25.Qd2 Rxc4 26.Bxc4 Qxc4 27.Rc1 Qe4 
28.f3 Qe5 29.f4 Qe4 30.Qf2 b6 31.Re1 Rd8 32.a3 Qc4 33.Nc1 Bxa3 34.g4 Qb4 
35.Rg1 Rd2 36.gxf5+ Kf8 0-1

[Event "19th EUR-ch"]
[Site "Batumi GEO"]
[Date "2018.03.21"]
[Round "5.132"]
[White "Demircioglu, Emre"]
[Black "Vardanian, Hamazasp"]
[Result "0-1"]
[WhiteElo "2285"]
[BlackElo "2109"]
[EventDate "2018.03.17"]
[PlyCount "54"]

1.Nf3 f5 2.d4 Nf6 3.c4 g6 4.g3 Bg7 5.Bg2 d6 6.O-O O-O 7.Nc3 c6 8.Rb1 Qe8 
9.d5 Na6 10.b4 Bd7 11.Qb3 e5 12.dxe6 Bxe6 13.Ng5 h6 14.Nxe6 Qxe6 15.Rd1 
Ne4 16.Bxe4 fxe4 17.Rxd6 Qe5 18.c5+ Kh7 19.Bb2 Qf5 20.Nxe4 Qxe4 21.Bxg7 
Kxg7 22.Rd7+ Kf6 23.Rbd1 Rab8 24.R1d6+ Kg5 25.Rg7 Kh5 26.h3 Rxf2 27.g4+ 
Kh4 0-1

[Event "19th EUR-ch"]
[Site "Batumi GEO"]
[Date "2018.03.21"]
[Round "5.133"]
[White "Sargissian, Sargis"]
[Black "Samadov, Read"]
[Result "1-0"]
[WhiteElo "2284"]
[BlackElo "2099"]
[EventDate "2018.03.17"]
[PlyCount "99"]

1.Nf3 Nf6 2.c4 c6 3.g3 d5 4.b3 e6 5.Bg2 Nbd7 6.Bb2 Be7 7.O-O O-O 8.d3 b6 
9.Nbd2 Bb7 10.e3 c5 11.Qe2 Qc7 12.e4 d4 13.e5 Ne8 14.Rae1 a5 15.a4 g6 16.
Bc1 Ng7 17.Ne4 Bxe4 18.Qxe4 Rae8 19.Bf4 Qc8 20.Bh6 Qc7 21.h4 Rd8 22.Bf4 
Rfe8 23.Bh3 Nf8 24.Nh2 h5 25.Nf3 Nf5 26.Qe2 Qc6 27.Bg2 Qc7 28.Nd2 Qc8 29.
Ne4 Nh7 30.Bg5 Qc7 31.Qd2 Bxg5 32.hxg5 Re7 33.Bh3 Kh8 34.Nf6 Qb8 35.Kg2 
Kg7 36.Rh1 Rh8 37.Rh2 Nf8 38.Qf4 Nd7 39.Kf1 Qc7 40.Bg2 Qb8 41.Bc6 Nf8 42.
g4 hxg4 43.Rxh8 Kxh8 44.Be4 Ng7 45.Qxg4 Qxe5 46.Qh4+ Nh5 47.Nxh5 gxh5 48.
Qxh5+ Kg7 49.Qh6+ Kg8 50.Bh7+ 1-0

[Event "19th EUR-ch"]
[Site "Batumi GEO"]
[Date "2018.03.21"]
[Round "5.134"]
[White "Suleymanli, Suleyman"]
[Black "Manafov, Vugar"]
[Result "0-1"]
[WhiteElo "1763"]
[BlackElo "2263"]
[EventDate "2018.03.17"]
[PlyCount "73"]

1.d4 Nf6 2.c4 e6 3.Nc3 Bb4 4.e3 c5 5.a3 Bxc3+ 6.bxc3 O-O 7.Bd3 b6 8.Ne2 
Nc6 9.O-O Ba6 10.Qa4 Na5 11.dxc5 bxc5 12.Rd1 Ng4 13.Ng3 Ne5 14.Be2 Bxc4 
15.Bxc4 Nexc4 16.Qxd7 Qxd7 17.Rxd7 Rfd8 18.Rxd8+ Rxd8 19.Rb1 Rd1+ 20.Nf1 
Nc6 21.Ra1 Nd2 22.Bb2 Rxa1 23.Bxa1 Nb3 24.Bb2 Nca5 25.c4 Nxc4 26.Bc3 Nxa3 
27.Nd2 Nxd2 28.Bxd2 Nc4 29.Bc3 f6 30.Kf1 Kf7 31.Ke2 e5 32.Kd3 Nb6 33.f4 
Ke6 34.g4 c4+ 35.Ke2 Kd6 36.h4 exf4 37.exf4 0-1

[Event "19th EUR-ch"]
[Site "Batumi GEO"]
[Date "2018.03.21"]
[Round "5.135"]
[White "Lomaia, Diana"]
[Black "Oglaza, Oskar"]
[Result "1/2-1/2"]
[WhiteElo "1742"]
[BlackElo "2240"]
[EventDate "2018.03.17"]
[PlyCount "90"]

1.e4 e6 2.d4 d5 3.Nd2 Be7 4.e5 c5 5.c3 Nc6 6.Ndf3 Qc7 7.Bd3 Bd7 8.Ne2 h5 
9.Be3 Nh6 10.h3 c4 11.Bc2 b5 12.a3 a5 13.Qd2 a4 14.Ng3 Ng8 15.h4 O-O-O 16.
O-O-O Kb7 17.Ng5 Bxg5 18.hxg5 g6 19.Ne2 Nge7 20.Rh4 Ra8 21.Rdh1 Rhb8 22.g4
hxg4 23.Rxg4 Nf5 24.Bxf5 exf5 25.Rgh4 Na5 26.Kd1 Nb3 27.Qe1 Be6 28.Nf4 Qc6
29.Rh7 Ka6 30.R1h6 Rg8 31.Rh3 Rab8 32.Qf1 Kb6 33.Bd2 Rbc8 34.Nxe6 Qxe6 35.
f4 Ra8 36.Be1 Kc6 37.Qg1 Raf8 38.Bf2 Kb6 39.Qh1 Rc8 40.Rh8 Rxh8 41.Rxh8 
Rxh8 42.Qxh8 Kc7 43.Qf8 Kb7 44.Qd8 Kc6 45.Qf6 Kb7 1/2-1/2

[Event "19th EUR-ch"]
[Site "Batumi GEO"]
[Date "2018.03.21"]
[Round "5.136"]
[White "Stukan, Martin"]
[Black "Naqopia, Giorgi"]
[Result "1-0"]
[WhiteElo "2210"]
[BlackElo "1849"]
[EventDate "2018.03.17"]
[PlyCount "91"]

1.e4 d6 2.d4 Nf6 3.Nc3 e5 4.Nf3 Nbd7 5.Bc4 Be7 6.O-O O-O 7.a4 c6 8.Ba2 h6 
9.Qe2 b6 10.Rd1 Qc7 11.d5 c5 12.h3 a6 13.Bc4 Re8 14.Nh4 Nf8 15.Qf3 Ng6 16.
Nxg6 fxg6 17.Qd3 g5 18.g4 Rf8 19.f3 Qb7 20.Rb1 Nd7 21.Kg2 Rf7 22.b4 cxb4 
23.Rxb4 Nc5 24.Qe2 Bd7 25.Be3 Qc7 26.Rdb1 Rb8 27.Qf2 a5 28.R4b2 Nxe4 29.
Nxe4 Qxc4 30.Rxb6 Rxb6 31.Rxb6 Qxd5 32.Qe2 Rf8 33.c4 Qf7 34.Rb7 Qe6 35.Rb6
Qf7 36.Rb7 Bxa4 37.Nxd6 Qe6 38.Nf5 Bf6 39.Bc5 Qc6 40.Rxg7+ Bxg7 41.Ne7+ 
Kh8 42.Nxc6 Rc8 43.Nxe5 Rxc5 44.Ng6+ Kg8 45.Qe6+ Kh7 46.Ne7 1-0

[Event "19th EUR-ch"]
[Site "Batumi GEO"]
[Date "2018.03.21"]
[Round "5.137"]
[White "Sahin, Ozgun"]
[Black "Martsvalashvili, Ruzvelt"]
[Result "1-0"]
[WhiteElo "2201"]
[BlackElo "1671"]
[EventDate "2018.03.17"]
[PlyCount "95"]

1.e4 c5 2.c3 e6 3.d4 d5 4.exd5 Qxd5 5.Nf3 Nf6 6.Be2 Nc6 7.O-O Be7 8.Na3 
O-O 9.Bc4 Qd8 10.Nc2 Na5 11.Bd3 c4 12.Be2 b5 13.Ne3 Nd5 14.Qc2 Bb7 15.b3 
Rc8 16.bxc4 Nxc4 17.Nxc4 bxc4 18.Ne5 Nb6 19.a4 f6 20.Nf3 Bd5 21.a5 Nd7 22.
Bf4 g5 23.Bc1 Rc6 24.Ra4 Qc7 25.Nd2 f5 26.Qa2 Rc8 27.Ba3 Bf6 28.Rb1 g4 29.
Rbb4 Be7 30.Bxc4 Bxb4 31.Bxd5 exd5 32.Qxd5+ Kh8 33.Bxb4 Re8 34.Nf1 Re1 35.
Ra3 Rce6 36.c4 Nf6 37.Qb5 a6 38.Qc5 Rxf1+ 39.Kxf1 Qxh2 40.Qf8+ Ng8 41.Re3 
Rxe3 42.fxe3 Qh1+ 43.Kf2 Qh4+ 44.Ke2 Qf6 45.Qxf6+ Nxf6 46.c5 Kg8 47.c6 Ne8
48.d5 1-0

[Event "19th EUR-ch"]
[Site "Batumi GEO"]
[Date "2018.03.21"]
[Round "5.138"]
[White "Shamatava, Nikolozi"]
[Black "Paramzina, Anastasya"]
[Result "0-1"]
[WhiteElo "1570"]
[BlackElo "2281"]
[EventDate "2018.03.17"]
[PlyCount "200"]

1.d4 Nf6 2.Nf3 e6 3.g3 b6 4.Bg2 Bb7 5.O-O Be7 6.c4 O-O 7.Nc3 d5 8.b3 dxc4 
9.bxc4 c5 10.e3 cxd4 11.exd4 Nc6 12.Ne5 Qc8 13.Nxc6 Bxc6 14.d5 Bb7 15.Qb3 
exd5 16.Nxd5 Nxd5 17.cxd5 Bf6 18.Bb2 Bxb2 19.Qxb2 Qc5 20.Rac1 Qd6 21.Rfd1 
Rad8 22.Qc2 Rd7 23.f4 Rfd8 24.Bh3 Re7 25.Bf5 g6 26.Be4 Qa3 27.Bg2 Rde8 28.
Qb3 Qd6 29.Qc4 Bc8 30.Qd3 Bb7 31.Qd4 Re2 32.Rd2 R2e3 33.Rd3 Re2 34.Rd2 
R2e7 35.Rdc2 h5 36.f5 gxf5 37.Bf3 Qe5 38.Qh4 Qe3+ 39.Kg2 Re5 40.Rd1 Kg7 
41.Re2 Qh6 42.Red2 Qf6 43.Qf4 Rd8 44.d6 Bxf3+ 45.Qxf3 h4 46.gxh4 Qxh4 47.
Rd4 Re4 48.Qxf5 Rxd4 49.Qe5+ Qf6 50.Qxd4 Qxd4 51.Rxd4 Kf6 52.h4 Ke5 53.Rc4
Kxd6 54.Kf3 Ke6 55.Kg4 Rh8 56.Kg5 Rg8+ 57.Kf4 Rg2 58.a4 Rh2 59.Kg3 Rb2 60.
h5 Rb3+ 61.Kg2 Rb2+ 62.Kg3 Rb3+ 63.Kg2 b5 64.axb5 Rxb5 65.Rh4 Rb8 66.h6 
Kf6 67.Ra4 Rh8 68.Rxa7 Rxh6 69.Ra6+ Kg5 70.Ra5+ f5 71.Ra8 Rb6 72.Ra4 Rb2+ 
73.Kf3 Rb3+ 74.Kf2 Rc3 75.Rb4 Rc2+ 76.Kf3 Rh2 77.Rb8 Rh3+ 78.Kg2 Re3 79.
Kf2 Kf4 80.Rb4+ Re4 81.Rb3 Rc4 82.Rf3+ Kg5 83.Rg3+ Kh4 84.Rg8 Rf4+ 85.Ke3 
Rg4 86.Rh8+ Kg3 87.Rf8 f4+ 88.Ke4 Rg7 89.Rf6 Re7+ 90.Kd3 f3 91.Rg6+ Kf2 
92.Ra6 Kf1 93.Kd2 f2 94.Ra8 Rf7 95.Rg8 Rd7+ 96.Kc2 Rd4 97.Kc3 Rd7 98.Kc2 
Rh7 99.Kd2 Rh2 100.Ra8 Kg1 0-1

[Event "19th EUR-ch"]
[Site "Batumi GEO"]
[Date "2018.03.21"]
[Round "5.139"]
[White "Hakobyan, Hovhannes H."]
[Black "Soyunlu, Narmin"]
[Result "1-0"]
[WhiteElo "2280"]
[BlackElo "2035"]
[EventDate "2018.03.17"]
[PlyCount "69"]

1.e4 e5 2.Nc3 Nc6 3.g3 Bc5 4.Bg2 a6 5.Nge2 Nge7 6.O-O O-O 7.d3 d6 8.Be3 
Nd4 9.Qd2 Be6 10.f4 Nxe2+ 11.Nxe2 Bxe3+ 12.Qxe3 exf4 13.Nxf4 Qd7 14.c4 c6 
15.b3 f5 16.Rae1 Bf7 17.d4 Rad8 18.Bh3 Bg6 19.d5 cxd5 20.exd5 Rde8 21.Ne6 
Rf6 22.Qd4 h6 23.Re3 Nc8 24.Rfe1 Re7 25.b4 Rff7 26.c5 Rf6 27.Bg2 Bf7 28.
Nf4 Rxe3 29.Qxe3 g5 30.Qd4 Kg7 31.Ne6+ Bxe6 32.dxe6 Qe7 33.Qd5 dxc5 34.Qd7
Rxe6 35.Qxe6 1-0

[Event "19th EUR-ch"]
[Site "Batumi GEO"]
[Date "2018.03.21"]
[Round "5.140"]
[White "Tifferet, Shaked"]
[Black "Ziroian, David"]
[Result "1-0"]
[WhiteElo "2274"]
[BlackElo "2080"]
[EventDate "2018.03.17"]
[PlyCount "61"]

1.d4 Nf6 2.Nf3 g6 3.c4 Bg7 4.Nc3 O-O 5.g3 d6 6.Bg2 Nbd7 7.O-O e5 8.e3 Re8 
9.b3 exd4 10.Nxd4 Nf8 11.Nde2 h5 12.Bb2 Ne6 13.Rb1 Ng5 14.h4 Nh3+ 15.Kh1 
g5 16.hxg5 Nxg5 17.Nd5 Nxd5 18.cxd5 h4 19.gxh4 Ne4 20.Kg1 Qxh4 21.Bxg7 
Kxg7 22.Qd4+ f6 23.f3 Bh3 24.Nf4 Kf7 25.fxe4 Rg8 26.Nxh3 Rxg2+ 27.Kxg2 
Rg8+ 28.Kf3 Qxh3+ 29.Ke2 Rg6 30.Rf2 Qh4 31.Rbf1 1-0

[Event "19th EUR-ch"]
[Site "Batumi GEO"]
[Date "2018.03.21"]
[Round "5.141"]
[White "Ismayilov, Muhammad"]
[Black "Mikadze, Miranda"]
[Result "0-1"]
[WhiteElo "2021"]
[BlackElo "2268"]
[EventDate "2018.03.17"]
[PlyCount "64"]

1.e4 c6 2.Nf3 d5 3.Nc3 Nf6 4.exd5 cxd5 5.d4 Nc6 6.Be2 Bg4 7.Be3 e6 8.Ne5 
Bxe2 9.Qxe2 Bd6 10.f4 O-O 11.O-O Rc8 12.g4 a6 13.g5 Nd7 14.Qh5 Ne7 15.Rf3 
g6 16.Qg4 Nf5 17.Rh3 Bb4 18.Bf2 Nxe5 19.dxe5 Qa5 20.Ne2 Rxc2 21.Nd4 Nxd4 
22.Bxd4 Be7 23.Kh1 Rfc8 24.Bc3 Qa4 25.Qf3 d4 26.Qe4 Rd8 27.Rd3 Bc5 28.Qxb7
Rd5 29.Bd2 Rxd2 30.Rxd2 d3 31.Rad1 Qxf4 32.Qxa6 Qf3+ 0-1

[Event "19th EUR-ch"]
[Site "Batumi GEO"]
[Date "2018.03.21"]
[Round "5.142"]
[White "Babazada, Khazar"]
[Black "Janiashvili, Mariami"]
[Result "1-0"]
[WhiteElo "2230"]
[BlackElo "1987"]
[EventDate "2018.03.17"]
[PlyCount "69"]

1.Nf3 Nf6 2.g3 g6 3.b3 Bg7 4.Bb2 a5 5.a4 b6 6.Bg2 Bb7 7.O-O O-O 8.d4 d5 9.
Ne5 Nbd7 10.Nd3 Rc8 11.c4 Ba8 12.cxd5 Bxd5 13.Bxd5 Nxd5 14.e4 N5f6 15.Nd2 
c5 16.d5 Qc7 17.Re1 e6 18.dxe6 fxe6 19.e5 Nd5 20.Qg4 Rce8 21.Nc4 Nb4 22.
Rad1 Nc6 23.h3 Re7 24.Qe4 Nd8 25.Nf4 Nf7 26.Rd6 Ng5 27.Qg2 Rf5 28.h4 Nxe5 
29.Bxe5 Bxe5 30.Rc6 Qb8 31.Nxe5 Rxe5 32.Rxe5 Qxe5 33.hxg5 Qxg5 34.Qe4 Qf6 
35.Rxb6 1-0

[Event "19th EUR-ch"]
[Site "Batumi GEO"]
[Date "2018.03.21"]
[Round "5.143"]
[White "Nikolaidis, Konstantinos"]
[Black "Yeremian, Alen"]
[Result "1-0"]
[WhiteElo "2184"]
[BlackElo "1961"]
[EventDate "2018.03.17"]
[PlyCount "120"]

1.d4 Nf6 2.c4 g6 3.Nc3 Bg7 4.e4 d6 5.f3 O-O 6.Bg5 h6 7.Be3 c5 8.d5 e6 9.
Qd2 exd5 10.cxd5 Kh7 11.Nge2 Nbd7 12.Nc1 Ne5 13.Be2 Bd7 14.a4 a6 15.O-O 
Qa5 16.Ra3 Qc7 17.Kh1 Rae8 18.Ra1 g5 19.a5 Nh5 20.g3 f5 21.exf5 Bxf5 22.g4
Bxg4 23.fxg4 Rxf1+ 24.Bxf1 Nxg4 25.Bg1 Qf7 26.Bh3 Ne5 27.Qc2+ Kh8 28.Qf5 
Qg8 29.N1e2 Nf6 30.Rd1 Nc4 31.Qg6 Qh7 32.Qxh7+ Nxh7 33.Be6 Nf8 34.Bg4 Nxa5
35.Ng3 Nc4 36.Nce4 Nxb2 37.Nxd6 Re7 38.Ngf5 Rd7 39.Nxg7 Rxd6 40.Nf5 Nxd1 
41.Nxd6 Nc3 42.Bf3 b6 43.Nc8 g4 44.Bg2 Nd7 45.d6 Kg7 46.Bc6 Ne5 47.Be8 Nd5
48.d7 Nc6 49.Bf2 a5 50.Na7 Nd8 51.Bh4 Nf6 52.Nb5 Nc6 53.Nd6 Nxd7 54.Bxd7 
Ne5 55.Bb5 Nf3 56.Bd8 Nd4 57.Ba4 c4 58.Bxb6 Ne2 59.Nxc4 g3 60.Bd1 Nf4 1-0

[Event "19th EUR-ch"]
[Site "Batumi GEO"]
[Date "2018.03.21"]
[Round "5.144"]
[White "Burnett, Andrew"]
[Black "Trisha, Kanyamarala"]
[Result "1-0"]
[WhiteElo "2183"]
[BlackElo "1956"]
[EventDate "2018.03.17"]
[PlyCount "219"]

1.d4 d5 2.Bf4 Nf6 3.e3 e6 4.Nd2 c5 5.c3 Nc6 6.Ngf3 cxd4 7.exd4 Nh5 8.Bg5 
f6 9.Be3 Bd6 10.g3 O-O 11.Bg2 f5 12.Ne5 f4 13.Nxc6 bxc6 14.Qxh5 fxe3 15.
fxe3 Qb6 16.Rb1 Ba6 17.Bf1 Rf5 18.Qd1 Raf8 19.Qb3 Qa5 20.e4 R5f7 21.e5 Rb8
22.Qc2 Bc7 23.Nb3 Qxa2 24.Ra1 Qxb3 25.Qxb3 Rxb3 26.Rxa6 Bb6 27.Ra2 c5 28.
Bh3 Re7 29.dxc5 Bxc5 30.Kd1 d4 31.Kc2 Rb5 32.c4 Rb4 33.b3 Kf7 34.Ra6 Rb6 
35.Rxb6 axb6 36.Rf1+ Ke8 37.Ra1 Kf7 38.Kd3 Rb7 39.Bg2 Rb8 40.Bc6 Kg6 41.
Ra4 Kf5 42.Ra7 Rg8 43.Be4+ Kxe5 44.Bxh7 Rf8 45.Be4 Rf2 46.Rxg7 Rxh2 47.Rh7
Rb2 48.Rh5+ Kd6 49.g4 Rxb3+ 50.Kd2 Bb4+ 51.Kc2 Rc3+ 52.Kb2 Rxc4 53.Kb3 
Rc3+ 54.Kxb4 Rg3 55.Kc4 Rxg4 56.Kxd4 e5+ 57.Rxe5 Rg1 58.Rd5+ Kc7 59.Rh5 
Rd1+ 60.Kc4 Rc1+ 61.Kb4 Rc5 62.Rh7+ Kc8 63.Bb7+ Kb8 64.Ba6 Rc7 65.Rh8+ Ka7
66.Bd3 Rd7 67.Bc4 Kb7 68.Kb5 Kc7 69.Ra8 Kb7 70.Ra6 Rd6 71.Bb3 Kb8 72.Ra1 
Kb7 73.Rh1 Kc7 74.Rh5 Rd7 75.Bd5 Rd6 76.Bc6 Rf6 77.Rh7+ Kd6 78.Kxb6 Rf1 
79.Rd7+ Ke6 80.Rd2 Ke5 81.Rd5+ Ke6 82.Rd2 Ke5 83.Rc2 Kd4 84.Bb5 Rg1 85.Bc4
Rb1+ 86.Kc6 Rg1 87.Be6 Rg5 88.Kd6 Ra5 89.Rc4+ Kd3 90.Rb4 Rg5 91.Bd5 Rg1 
92.Kc5 Rc1+ 93.Bc4+ Ke4 94.Rb8 Rd1 95.Re8+ Kf5 96.Bd5 Ra1 97.Bb3 Ra7 98.
Kd4 Ra1 99.Rf8+ Kg6 100.Bd5 Re1 101.Be4+ Kg7 102.Rf4 Ra1 103.Ke5 Ra5+ 104.
Bd5 Ra1 105.Rg4+ Kh6 106.Be6 Kh5 107.Kf6 Rf1+ 108.Bf5 Re1 109.Rg3 Rh1 110.
Rg5+ 1-0

[Event "19th EUR-ch"]
[Site "Batumi GEO"]
[Date "2018.03.21"]
[Round "5.145"]
[White "Utiatskaja, Irina"]
[Black "Asatrian, Gor"]
[Result "1-0"]
[WhiteElo "2165"]
[BlackElo "1852"]
[EventDate "2018.03.17"]
[PlyCount "47"]

1.e4 c5 2.Nf3 Nc6 3.d4 cxd4 4.Nxd4 Nf6 5.Nc3 e6 6.Ndb5 Bc5 7.Bf4 O-O 8.Bc7
Qe7 9.Bd6 Bxd6 10.Qxd6 Qd8 11.Nc7 Rb8 12.Be2 b5 13.e5 b4 14.exf6 bxc3 15.
fxg7 Kxg7 16.b3 Qf6 17.Rd1 Nb4 18.O-O Rb6 19.Qc5 Nxc2 20.Rd3 d6 21.Qh5 Nb4
22.Rf3 Qe5 23.Ne8+ Kh8 24.Qh6 1-0

[Event "19th EUR-ch"]
[Site "Batumi GEO"]
[Date "2018.03.21"]
[Round "5.146"]
[White "Eynullayev, Altay"]
[Black "Pipia, Ekaterine"]
[Result "1-0"]
[WhiteElo "2163"]
[BlackElo "1737"]
[EventDate "2018.03.17"]
[PlyCount "65"]

1.d4 d5 2.c4 e6 3.Nf3 Nf6 4.g3 Bb4+ 5.Bd2 Be7 6.Bg2 O-O 7.O-O c5 8.dxc5 
dxc4 9.Na3 Nbd7 10.Nxc4 Nxc5 11.Qc2 Bd7 12.Nfe5 Nd5 13.Nxd7 Qxd7 14.Rfd1 
Qb5 15.Rac1 Rac8 16.Bxd5 exd5 17.Ne3 Qxe2 18.Nxd5 Bd6 19.Bf4 Qe6 20.Bxd6 
Qxd6 21.b4 Nd7 22.Qxc8 Rxc8 23.Rxc8+ Nf8 24.Ne3 Qxb4 25.Rdd8 Qb1+ 26.Kg2 
g6 27.Rxf8+ Kg7 28.Rg8+ Kf6 29.Nd5+ Ke5 30.Nc3 Qb2 31.Rge8+ Kf6 32.Rc7 Qa3
33.Ree7 1-0

[Event "19th EUR-ch"]
[Site "Batumi GEO"]
[Date "2018.03.21"]
[Round "5.147"]
[White "Qalagashvili, Pridon"]
[Black "Tskipurishvili, Daviti"]
[Result "1-0"]
[WhiteElo "2153"]
[BlackElo "1710"]
[EventDate "2018.03.17"]
[PlyCount "55"]

1.c4 c6 2.Nc3 d5 3.d4 Nf6 4.Nf3 a6 5.c5 Bf5 6.Qb3 Qc8 7.h3 Nbd7 8.Bf4 e6 
9.g4 Bg6 10.Bg2 Be7 11.O-O h5 12.g5 Ne4 13.h4 f6 14.Bh3 fxg5 15.hxg5 Bf5 
16.Bxf5 exf5 17.Rad1 Bd8 18.e3 Bc7 19.Ne2 g6 20.Nh4 Bd8 21.Ng3 Nxg5 22.
Nxg6 Rg8 23.Nh4 Nf7 24.Nxf5 h4 25.e4 Nf6 26.Rde1 dxe4 27.Nxh4 Qh3 28.Nf3 
1-0

[Event "19th EUR-ch"]
[Site "Batumi GEO"]
[Date "2018.03.21"]
[Round "5.148"]
[White "Day, Thomas W."]
[Black "Valiyev, Shahin"]
[Result "0-1"]
[WhiteElo "2083"]
[BlackElo "1634"]
[EventDate "2018.03.17"]
[PlyCount "86"]

1.d4 Nf6 2.c4 g6 3.Nc3 Bg7 4.Nf3 O-O 5.e4 d6 6.h3 Nbd7 7.Be2 e5 8.dxe5 
dxe5 9.b4 c6 10.Bb2 Qe7 11.Qb3 Nh5 12.g3 Nb6 13.a4 Be6 14.a5 Nd7 15.Qa4 
Rad8 16.Ba3 Qf6 17.b5 c5 18.O-O-O b6 19.Kb1 Qe7 20.Nd5 Bxd5 21.cxd5 Ndf6 
22.Nd2 Ne8 23.axb6 axb6 24.Nc4 Nd6 25.Nxb6 Qc7 26.Nc4 Nxe4 27.Qc2 Nhf6 28.
Bf3 Ng5 29.d6 Qa7 30.Bc6 Nd7 31.Rd5 Ne6 32.Bb2 Nd4 33.Bxd4 exd4 34.Qd3 Ra8
35.Kc2 Qa2+ 36.Nb2 c4 37.Qxc4 d3+ 38.Kxd3 Ra3+ 39.Ke2 Qxb2+ 40.Kf1 Nb6 41.
Qc5 Nxd5 42.Qxd5 Bd4 43.Rh2 Ra1+ 0-1

[Event "19th EUR-ch"]
[Site "Batumi GEO"]
[Date "2018.03.21"]
[Round "5.149"]
[White "Mochalin, Faddey"]
[Black "Babukhadia, Levan"]
[Result "0-1"]
[WhiteElo "2110"]
[BlackElo "1968"]
[EventDate "2018.03.17"]
[PlyCount "100"]

1.d4 Nf6 2.c4 g6 3.Nc3 d5 4.cxd5 Nxd5 5.e4 Nxc3 6.bxc3 Bg7 7.Bc4 c5 8.Ne2 
Nc6 9.Be3 O-O 10.O-O Bg4 11.f3 Na5 12.Bd3 cxd4 13.cxd4 Be6 14.d5 Bxa1 15.
Qxa1 f6 16.Qd4 Bd7 17.Bh6 Re8 18.e5 Qb6 19.Qxb6 axb6 20.e6 Ba4 21.Nc3 b5 
22.Nxa4 bxa4 23.Bb5 Red8 24.Bd7 Nc4 25.Rb1 Ne5 26.Rxb7 Nxd7 27.exd7 Ra5 
28.d6 Re5 29.dxe7 Rxe7 30.Ra7 Rdxd7 31.Rxa4 Ra7 32.Rxa7 Rxa7 33.Bf4 Rxa2 
34.h3 Kf7 35.Kh2 Ke6 36.Kg3 Kd5 37.Kh2 Kd4 38.Kg1 g5 39.Bc7 Ke3 40.Bb6+ 
Ke2 41.Bd4 Ra6 42.Bc3 f5 43.Be5 Rc6 44.Bb2 Rd6 45.Be5 Rd1+ 46.Kh2 Kf1 47.
g4 f4 48.h4 h6 49.hxg5 hxg5 50.Bf6 Rd7 0-1

[Event "19th EUR-ch"]
[Site "Batumi GEO"]
[Date "2018.03.21"]
[Round "5.150"]
[White "Tsotsonava, Elene"]
[Black "Grinev, Boris"]
[Result "0-1"]
[WhiteElo "1789"]
[BlackElo "2092"]
[EventDate "2018.03.17"]
[PlyCount "70"]

1.e4 c5 2.Nf3 Nc6 3.d4 cxd4 4.Nxd4 e5 5.Nb3 Nf6 6.Bd3 d5 7.exd5 Nxd5 8.O-O
Be6 9.Re1 Be7 10.Bd2 O-O 11.Nc3 Ndb4 12.Be4 f5 13.Bxc6 Nxc6 14.Qe2 a6 15.
Rad1 Qc7 16.Bf4 Bd6 17.Be3 Ne7 18.Rxd6 Bxb3 19.Red1 Bc4 20.Qf3 e4 21.Qg3 
f4 22.Bxf4 Nf5 23.R6d2 Qb6 24.Qg5 h6 25.Qg4 e3 26.Nd5 exf2+ 27.Rxf2 Bxd5 
28.Rxd5 Rae8 29.Qd1 g5 30.Bc7 Qa7 31.Rd8 Qc5 32.Qd5+ Qxd5 33.Rxd5 Re1+ 34.
Rf1 Rxf1+ 35.Kxf1 Ne3+ 0-1

[Event "19th EUR-ch"]
[Site "Batumi GEO"]
[Date "2018.03.21"]
[Round "5.151"]
[White "Orujov, Farid"]
[Black "Morozov, Vitalij"]
[Result "0-1"]
[WhiteElo "1770"]
[BlackElo "2039"]
[EventDate "2018.03.17"]
[PlyCount "74"]

1.d4 f5 2.Nf3 Nf6 3.c4 g6 4.Nc3 Bg7 5.g3 O-O 6.Bg2 d6 7.O-O Qe8 8.Nb5 Na6 
9.d5 c6 10.dxc6 bxc6 11.Nfd4 Ne4 12.f3 Nec5 13.Nc3 e5 14.Nc2 Qe7 15.e4 Ne6
16.b3 Bb7 17.Be3 f4 18.Bf2 h5 19.Qe2 Nac7 20.Rad1 Rf6 21.Rd3 g5 22.Rfd1 
Nf8 23.gxf4 exf4 24.Bd4 Nce6 25.Bxf6 Bxf6 26.Qe1 Be5 27.Ne2 c5 28.a3 g4 
29.b4 Ng6 30.Nc3 Nh4 31.Qe2 Qg7 32.Nd5 gxf3 33.Rxf3 Nxf3+ 34.Qxf3 cxb4 35.
axb4 Ng5 36.Qxh5 f3 37.h4 Nh3+ 0-1

[Event "19th EUR-ch"]
[Site "Batumi GEO"]
[Date "2018.03.22"]
[Round "6.1"]
[White "Bok, Benjamin"]
[Black "Nabaty, Tamir"]
[Result "1/2-1/2"]
[WhiteElo "2622"]
[BlackElo "2690"]
[EventDate "2018.03.17"]
[PlyCount "38"]

1.e4 e5 2.Nf3 Nc6 3.Bb5 a6 4.Ba4 b5 5.Bb3 g6 6.d4 exd4 7.Nxd4 Na5 8.a4 b4 
9.Bd5 c6 10.Ba2 Bg7 11.c3 Rb8 12.Nb3 Ne7 13.Bf4 bxc3 14.Nxc3 d6 15.O-O Nc4
16.Nc5 Ne5 17.Nd3 O-O 18.Nxe5 Bxe5 19.Bxe5 dxe5 1/2-1/2

[Event "19th EUR-ch"]
[Site "Batumi GEO"]
[Date "2018.03.22"]
[Round "6.2"]
[White "Wojtaszek, Radoslaw"]
[Black "Saric, Ivan"]
[Result "1-0"]
[WhiteElo "2738"]
[BlackElo "2657"]
[EventDate "2018.03.17"]
[PlyCount "67"]

1.d4 d5 2.c4 c6 3.Nf3 Nf6 4.Nc3 e6 5.Bg5 h6 6.Bxf6 Qxf6 7.e3 g6 8.Be2 Bg7 
9.O-O O-O 10.Ne5 Nd7 11.f4 Qe7 12.Qb3 Nxe5 13.fxe5 Bd7 14.cxd5 cxd5 15.e4 
dxe4 16.Nxe4 Bc6 17.Nf6+ Bxf6 18.Rxf6 Rad8 19.Rd1 Rd7 20.h4 Rfd8 21.Qc3 
Qf8 22.a3 Qg7 23.Rf4 g5 24.hxg5 hxg5 25.Rg4 f5 26.exf6 Qxf6 27.Rf1 Qh6 28.
d5 Bxd5 29.Rf6 Qh5 30.Rg3 Qh7 31.Bd3 Be4 32.Rxg5+ Rg7 33.Rxg7+ Qxg7 34.
Bxe4 1-0

[Event "19th EUR-ch"]
[Site "Batumi GEO"]
[Date "2018.03.22"]
[Round "6.3"]
[White "Inarkiev, Ernesto"]
[Black "Romanov, Evgeny"]
[Result "1-0"]
[WhiteElo "2684"]
[BlackElo "2619"]
[EventDate "2018.03.17"]
[PlyCount "70"]

1.e4 c5 2.Nf3 e6 3.d4 cxd4 4.Nxd4 a6 5.c4 Nf6 6.Nc3 Bb4 7.Qd3 d5 8.exd5 
exd5 9.Be2 O-O 10.O-O Nc6 11.Nxc6 bxc6 12.Bg5 a5 13.Rfd1 h6 14.Bh4 Re8 15.
Qc2 Bxc3 16.bxc3 Qe7 17.Bf1 dxc4 18.Qa4 Be6 19.Qxc6 Rec8 20.Qb6 a4 21.Rab1
g5 22.Bg3 Ne4 23.Be5 Bg4 24.Rd5 Be6 25.Rdd1 Bg4 26.Bd4 Be6 27.Be2 Qa3 28.
Bg4 Re8 29.Re1 Nd6 30.Bxe6 Rxe6 31.Rxe6 fxe6 32.Bc5 Qxa2 33.Bxd6 a3 34.Be5
Re8 35.h4 gxh4 1-0